000
00296nam a22001337a 4500
008
171218b xxu||||| |||| 00| 0 eng d
020
_a
076714005501
041
_a
eng
080
_a
038
100
_a
23
101
_a
FJA
245
_a
WEBSTER'S NEW WORLD THESAURUS
_c
LAIRD,CH
942
_2
udc
_c
BK
999
_c
39053
_d
39053